Tính toán trong hải dương học /
Các đặc trưng vật lý của nước biển; Phân tích các trường vật lý trong biển; Phân tích quan trắc dòng chảy và thủy triều.
Gespeichert in:
| 1. Verfasser: | |
|---|---|
| Format: | Buch |
| Sprache: | Vietnamese |
| Veröffentlicht: |
Hà Nội :
Đại học Quốc gia Hà Nội,
2003.
|
| Schlagworte: | |
| Tags: |
Tag hinzufügen
Keine Tags, Fügen Sie den ersten Tag hinzu!
|
| Thư viện lưu trữ: | Mạng thư viện Đại học Đà Nẵng |
|---|
| LEADER | 01247cam a2200349 a 4500 | ||
|---|---|---|---|
| 001 | 000044178 | ||
| 003 | 2434 | ||
| 005 | 20060329104440.0 | ||
| 008 | 010217b2003 vm 000 vie | ||
| 020 | |c 29300 | ||
| 040 | |a LRC |c LRC |d LRC | ||
| 041 | 0 | |a vie | |
| 082 | 1 | 4 | |a 551.46 |b PH-H |
| 100 | 1 | |a Phạm Văn Huấn. | |
| 245 | 1 | 0 | |a Tính toán trong hải dương học / |c Phạm Văn Huấn. |
| 260 | |a Hà Nội : |b Đại học Quốc gia Hà Nội, |c 2003. | ||
| 300 | |a 244 tr. : |b mh. ; |c 20,5 cm. | ||
| 520 | 3 | |a Các đặc trưng vật lý của nước biển; Phân tích các trường vật lý trong biển; Phân tích quan trắc dòng chảy và thủy triều. | |
| 630 | 0 | 4 | |a Hải dương. |
| 650 | 0 | 4 | |a Hải dương học. |
| OWN | |a DUT | ||
| AVA | |a UDN50 |b DUT |c Book |d 551.46 PH-H |e available |t Error 5001 Not defined in file expand_doc_bib_avail. |f 5 |g 0 |h N |i 0 |j SH |k 1 | ||
| 999 | |a From the UDN01 | ||
| AVA | |a UDN50 |b DUT |c Book |d 551.46 PH-H |e available |t Error 5001 Not defined in file expand_doc_bib_avail. |f 5 |g 0 |h N |i 0 |j SH |k 1 | ||
| TYP | |a Monograph | ||
| TYP | |a Printed language | ||
| 980 | |a Mạng thư viện Đại học Đà Nẵng | ||